000 00470pab a2200169 454500
008 180718b1998 xxu||||| |||| 00| 0 eng d
100 _aGuha-Khasnobis, Basudeb
245 _aRisk premium in the Indian foreign exchange market
260 _c1998
300 _ap.19-29
362 _aJan
650 _aForeign exchange - India
650 _aForeign exchange
700 _aDash, Shridhar K.
773 _aInternational Journal of Development Banking
909 _a39692
999 _c39692
_d39692